Statistics for Pack Animals

Click here to take the quiz!

General Stats

  • This quiz has been taken 8,967 times
  • The average score is 7 of 11

Answer Stats

Animal% Correct
Horse
95%
Donkey
90%
Camel
81%
Dog
73%
Elephant
73%
Mule
71%
Ox
64%
Llama
63%
Yak
41%
Reindeer
22%
Water Buffalo
21%

Score Distribution

Percentile by Number Answered

Percent of People with Each Score

Your Score History

You have not taken this quiz